000 00624cam a2200229 i 4500
001 2771765
005 20180228032633.0
008 800620s1980 nyua 001 0beng
010 _a 80018477
020 _a0070563195
020 _a0070563187 (pbk.)
040 _aDLC
_cDLC
_dDLC
041 _aeng
043 _aa-ii---
080 _a271..97 ROB
082 0 0 _a271..97 ROB
_aB
_219
100 1 _a43
101 _aART
245 1 0 _aTeresa of Calcutta :
_cRobert Serrou ; with a foreword by Malcolm Muggeridge.
906 _a7
_bcbc
_corignew
_du
_eocip
_f19
_gy-gencatlg
942 _2ddc
_cBK
999 _c43669
_d43669